Central Library OPAC University of Rajshahi

The Moors : (Record no. 32998)

MARC details
000 -LEADER
fixed length control field 00926cam a2200301 i 4500
001 - CONTROL NUMBER
control field 32998
003 - CONTROL NUMBER IDENTIFIER
rucl marc code BD-RjUL
005 - DATE AND TIME OF LATEST TRANSACTION
control field 20211209051930.0
008 - FIXED-LENGTH DATA ELEMENTS--GENERAL INFORMATION
fixed length control field 140429r19851980enkah b 001 0 eng
020 ## - INTERNATIONAL STANDARD BOOK NUMBER
International Standard Book Number 0856132799
035 ## - SYSTEM CONTROL NUMBER
System control number (BD-RjUL)33088
040 ## - CATALOGING SOURCE
Original cataloging agency DLC
Transcribing agency DLC
Modifying agency BD-RjUL
Language of cataloging eng
041 ## - LANGUAGE CODE
Language code of text/sound track or separate title eng
082 00 - DEWEY DECIMAL CLASSIFICATION NUMBER
Classification number 961.022
Edition number 19
Author mark and year BRM 1985
100 1# - MAIN ENTRY--PERSONAL NAME
Personal name Brett, Michael.
9 (RLIN) 100285
245 14 - TITLE STATEMENT
Title The Moors :
Remainder of title Islam in the west /
Statement of responsibility, etc. text by Michael Brett ; photos. by Werner Forman.
260 ## - PUBLICATION, DISTRIBUTION, ETC. (IMPRINT)
Place of publication, distribution, etc. London :
Name of publisher, distributor, etc. Orbis Pub.,
Date of publication, distribution, etc. c1980 [Reprinted 1985].
300 ## - PHYSICAL DESCRIPTION
Pagination 128 p. :
Illustrations ill. ;
Size 31 cm.
504 ## - BIBLIOGRAPHY, ETC. NOTE
Bibliography, etc Bibliography: p. 126.
Bibliography, etc Includes index.
650 #0 - SUBJECT ADDED ENTRY--TOPICAL TERM
Topical term or geographic name as entry element Muslims
Geographic subdivision Spain
General subdivision History.
9 (RLIN) 81902
651 #0 - SUBJECT ADDED ENTRY--GEOGRAPHIC NAME
Geographic name Africa, North
General subdivision Civilization.
9 (RLIN) 100286
Geographic name Western Mediterranean
General subdivision Civilization.
9 (RLIN) 100287
700 1# - ADDED ENTRY--PERSONAL NAME
Personal name Forman, Werner.
942 ## - ADDED ENTRY ELEMENTS (KOHA)
Source of classification or shelving scheme Dewey Decimal Classification
Koha item type Books
Holdings
Lost status Source of classification or shelving scheme Damaged status Not for loan Collection code Permanent Location Current Location Shelving location Date acquired Source of acquisition Cost, normal purchase price Total Checkouts Full call number Date last seen Copy number Koha item type
  Dewey Decimal Classification   Not For Loan Non-fiction Central Library, University of Rajshahi Central Library, University of Rajshahi Reading Room 06/07/1988 Manik Bro. 15.00   961.022 BRM 1985 29/04/2014 C-1 Books